000
00337nam a2200133Ia 4500
003
GCL
008
140319s9999 xx 000 0 ara d
040
_a
GCL /
_c
GCL
082
0
4
_a
811.9
_b
ع ف
100
1
_a
على السبتى
245
1
0
_a
فى الهواء الطلق: اشعار /
_c
على السبتى
300
_a
82 ص
490
_a
999
_c
37907
_d
37907